000 00599nam a2200229Ia 4500
003 OSt
005 20221005124423.0
006 a|||||r|||| 00| 0
007 ta
008 221004b |||||||| |||| 00| 0 san d
024 _a50989
037 _cTextual
040 _aCRL
_cCRL
_bsan
041 _2san
_asan
082 _aQ141:25x1:1, 15K0
100 _aShankara Cm.
_9635197
245 0 _aMundaka uoanishad ed by Satchidanand endra Saraswati
260 _c1960
650 _aRELIGION
942 _hQ141:25x1:1, 15K0
_cTEXL
_2cc
999 _c1050412
_d1050412